1587 1398 1017 1187 1405 1206 1268 1603 1272 1716 1997 1994 1384 1425 1232 1705 1436 1744 1689 1941 1474 1866 1166 1482 1748 1158 1697 1556 1568 1965 1265 1620 1772 1154 1294 1554 1241 1511 1889 1846 1191 1381 1157 1969 1917 1526 1602 1883 1509 1835 1132 1572 1808 1782 1076 1333 1632 1155 1651 1515 1057 1749 1187 1033 1670 1500 1256 1175 1154 1761 1584 1498 1808 1005 1778 1026 1562 1494 1407 1445 1395 1879 1015 1715 1010 1400 1569 1811 1551 1836 1338 1162 1638 1649 1184 1122 1038 1229 1054 BCNSPRNW ULIB Ver.6.0+V

เปลี่ยนเป็นภาษาไทย

Change to English
 แสดงรายละเอียดบรรณานุกรม
  กลับหน้าหลัก

Brief Record : Get Marc (ISO 2709) : E-mail record : QR code < ปิดหน้าต่าง
LEADER : 00000nam 2200000uu 4500
001    13399108574
003     ULIB
008    110309s2548||||th 000 0 tha d
020    9749301749
060  4 QV766^bพ876ก
245 00 การดูแลรักษาสุขภาพด้วยผักพื้นบ้าน /^cคณะผู้เขียน,วีระสิงห์ เมืองมั่น ... [และคนอื่นๆ] ; บรรณาธิการ, เพ็ญนภาทรัพย์เจริญ
260    นนทบุรี :^bศูนย์พัฒนาตำราการแพทย์แผนไทยมูลนิธิการแพทย์แผนไทยพัฒนา,^c2548
300    126 หน้า ;^c21 ซม.
440  0 ชุดผักพื้นบ้านและอาหารเพื่อสุขภาพ
650  7 การปรุงอาหาร^zไทย
650  7 ผัก^xแง่โภชนาการ
650  7 ผักพื้นบ้าน^zไทย
650  7 อาหารไทย
650  7 อาหารเพื่อสุขภาพ
700 0  วีระสิงห์ เมืองมั่น
700 0  เพ็ญนภา ทรัพย์เจริญ,^eบรรณาธิการ
710 2  มูลนิธิการแพทย์แผนไทยพัฒนา
945    ^p100^l0^i019033
995     ทศพร
999 ^a ใช้งานได้ทุกระบบ
รายการนี้ยังไม่มีแท็ก
คุณยังไม่ได้ล็อกอิน คุณสามารถมีกิจกรรมร่วมกับเว็บไซต์ได้ แต่ต้องล็อกอินก่อน ::
  ล็อกอิน

รายการสื่อสารสนเทศ

ลำดับที่ ประเภท เลขเรียก/บาร์โค้ด สถานที่ สถานะ
1. วิทยาศาสตร์การแพทย์ และสุขภาพ
วิทยาศาสตร์การแพทย์ และสุขภาพ
สถานะ=หนังสือเก่า
QV766 พ876ก ฉ.1 
  Barcode: 019033
ห้องสมุดวิทยาเขตสวรรค์ประชารักษ์
►ส่วนจัดเก็บหนังสือเก่า สปร
บนชั้น
  ขอยืม

รายการใกล้เคียง
    หัวเรื่อง [อาหารไทย]
    หัวเรื่อง [อาหารเพื่อสุขภาพ]

BibComment


ยังไม่เคยถูกคอมเมนท์

คอมเมนท์ทรัพยากรรายการนี้
  คอมเมนท์: การดูแลรักษาสุขภา..


 Copyright 2026. Bcnsprnw @Library